| 000 | 01354nam a2200397Ic 4500 | ||
|---|---|---|---|
| 001 | 58600 | ||
| 003 | CO-BoRNBP | ||
| 005 | 20250827145251.0 | ||
| 007 | ta | ||
| 008 | 170306s2007 ck a g 000 0 spa | ||
| 020 | _a9583003370 | ||
| 020 | _a9789583003370 | ||
| 020 |
_a97895830034012 _q(Colección) |
||
| 040 |
_aCO-BoRNBP _bspa _erda _cCO-BoRNBP |
||
| 041 | _aspa | ||
| 084 | _aN | ||
| 100 |
_aNiño, Jairo Aníbal, _d1941-2010 _eaut |
||
| 245 | 1 | 0 |
_aDe las alas caracolí / _cJairo Aníbal Niño ; ilustraciones de Daniel Jaime. |
| 250 |
_aPrimera edición _bNovena reimpresión |
||
| 264 | 1 |
_aBogotá, Colombia : _bPanamericana, _c2007 _c2014 |
|
| 300 |
_a140 páginas : _bilustraciones |
||
| 336 |
_atexto _btxt _2rdacontent |
||
| 337 |
_asin mediación _bn _2rdamedia |
||
| 338 |
_avolumen _bnc _2rdacarrier |
||
| 490 | _aLiteratura juvenil | ||
| 500 | _aIncluye datos biográficos del autor en la solapa | ||
| 521 | _aRecomendado desde los 12 años | ||
| 650 | 0 | 7 |
_aColores en la literatuara _2lemb _963623 |
| 650 | 0 | 7 |
_aPescadores en la literatura _2lemb _963624 |
| 650 | 0 | 7 |
_aSolidaridad en la literatura _2LEMB _958279 |
| 650 | 0 | 7 |
_aAventuras en la literatura _2LEMB _9492 |
| 650 | 0 | 4 |
_aNovela colombiana _2LEMB _91193 |
| 650 | 0 | 4 |
_aLiteratura colombiana _ySiglo XX _2LEMB _9427 |
| 700 |
_aJaime, Daniel _963096 |
||
| 942 |
_2loc _cBKLIT |
||
| 999 |
_c58600 _d58600 |
||